MARC

LEADER 00000nam0a2200000 4500
001 308400
005 20231102002105.0
020 |a RU  |b 81-74154 
035 |a (RuTPU)RU\TPU\book\333710 
090 |a 308400 
100 |a 20151030d1981 k y0rusy5003 ca 
101 0 |a rus 
102 |a KZ 
105 |a a z 000zy 
200 1 |a Методы исследования динамических систем типа "маятник"  |f Т. Г. Стрижак 
210 |a Алма-Ата  |c Наука  |d 1981 
215 |a 254 с.  |c ил. 
606 1 |a Маятники  |x Колебания  |x Математические исследования  |2 stltpush  |3 (RuTPU)RU\TPU\subj\41757  |9 61543 
610 1 |a теория колебаний 
610 1 |a асимптотический метод 
610 1 |a периодические решения 
610 1 |a построение 
610 1 |a маятниковые системы 
610 1 |a движение 
675 |a 531.5  |v 4 
700 1 |a Стрижак  |b Т. Г.  |g Тамара Григорьевна 
801 0 |a RU  |b RuMRKP  |c 19950704  |g psbo 
801 1 |a RU  |b 63413507  |c 20151030 
801 2 |a RU  |b 63413507  |c 20171016  |g RCR 
942 |c BK